Statistics for Type the Emoji Quiz

Click here to take the quiz!

General Stats

  • This quiz has been taken 17 times
  • The average score is 5 of 11

Answer Stats

HINT/WORDEMOJI% Correct
Cool😎
88%
Laughing /Crying🤣
69%
Angry😡
69%
Sad😥
50%
Devil/ Red😈
50%
Happy😀
50%
Nerdy🤓
38%
Tired🥱
31%
Confused🤨
25%
Pray/ Hands🙏🏾
13%
Ok/ Hands👌🏾
13%

Score Distribution

Percentile by Number Answered

Percent of People with Each Score

Your Score History

You have not taken this quiz